[Event "Hessen-chB"]
[Site "Korbach"]
[Date "2013.03.29"]
[Round "5"]
[White "Popov, Vadim V"]
[Black "Wagner, Thomas"]
[Result "1/2-1/2"]
[WhiteElo "1688"]
[BlackElo "1941"]
[PlyCount "29"]
[EventDate "2013.03.27"]
[EventType "swiss"]
[EventRounds "7"]
[EventCountry "GER"]
[SourceTitle "EXT 2014"]
[Source "ChessBase"]
[SourceDate "2013.11.20"]
[SourceVersion "1"]
[SourceVersionDate "2013.11.20"]
[SourceQuality "1"]

1. d4 Nf6 2. Nf3 e6 3. Bf4 c5 4. c3 d5 5. e3 Nbd7 6. Bd3 Qb6 7. Qc2 c4 8. Be2 Bd6 9. 0-0 0-0 10. Nbd2 Qc7 11. Bxd6 Qxd6 12. e4 dxe4 13. Nxe4 Nxe4 14. Qxe4 Qd5 15. Qxd5 1/2-1/2

[Event "Riazan Region-ch"]
[Site "Riazan"]
[Date "2009.10.??"]
[Round "?"]
[White "Morozov, Vladislav"]
[Black "Popov, Vadim V"]
[Result "1-0"]
[WhiteElo "2114"]
[BlackElo "2105"]
[PlyCount "131"]
[EventDate "2009.10.??"]
[EventType "tourn"]
[EventRounds "13"]
[EventCountry "RUS"]
[SourceTitle "EXT 2012"]
[Source "ChessBase"]
[SourceDate "2011.11.24"]
[SourceVersion "1"]
[SourceVersionDate "2011.11.24"]
[SourceQuality "1"]

1. e4 d5 2. exd5 Nf6 3. d4 Nxd5 4. Nf3 g6 5. c4 Nb6 6. Nc3 Bg7 7. h3 0-0 8. Be3 Nc6 9. Qd2 e5 10. d5 Na5 11. b3 e4 12. Nd4 f5 13. 0-0-0 Qe7 14. Ncb5 a6 15. d6 cxd6 16. Nxd6 Qxd6 17. Qxa5 f4 18. c5 Qe5 19. Qxb6 fxe3 20. Bc4+ Kh8 21. fxe3 Qg5 22. Nc2 Qe5 23. Rd4 Bd7 24. Qd6 Bb5 25. Qxe5 Bxe5 26. Rxe4 Bc3 27. Bxb5 axb5 28. Rf4 Rxf4 29. exf4 Rd8 30. Rf1 b4 31. a3 bxa3 32. Nxa3 Bb4 33. Nc4 Bxc5 34. Kc2 Kg7 35. g4 Kf6 36. Rf3 Re8 37. Ne5 Bd6 38. Kd3 h5 39. Ke4 hxg4 40. hxg4 Kg7 41. Kd5 Bb8 42. Re3 Rd8+ 43. Ke4 Bxe5 44. Kxe5 Kf7 45. Re4 Re8+ 46. Kd4 Rd8+ 47. Ke5 Rd7 48. Rb4 Ke7 49. Rb6 Kf7 50. g5 Re7+ 51. Kd5 Rd7+ 52. Rd6 Rc7 53. Rf6+ Kg7 54. Rb6 Kf7 55. b4 Kg7 56. b5 Kf7 57. Rf6+ Kg7 58. b6 Rc1 59. Rd6 Rd1+ 60. Ke6 Re1+ 61. Kd7 Rf1 62. Rf6 Re1 63. Re6 Rf1 64. Kc7 Rxf4 65. Kxb7 Rf5 66. Kc6 1-0

[Event "Riazan Region-ch"]
[Site "Riazan"]
[Date "2009.10.??"]
[Round "?"]
[White "Popov, Vadim V"]
[Black "Ushakov, Gennadiy"]
[Result "1/2-1/2"]
[WhiteElo "2105"]
[BlackElo "2216"]
[PlyCount "118"]
[EventDate "2009.10.??"]
[EventType "tourn"]
[EventRounds "13"]
[EventCountry "RUS"]
[SourceTitle "EXT 2012"]
[Source "ChessBase"]
[SourceDate "2011.11.24"]
[SourceVersion "1"]
[SourceVersionDate "2011.11.24"]
[SourceQuality "1"]

1. e4 c5 2. b4 b6 3. Nf3 Bb7 4. Bc4 e6 5. e5 cxb4 6. 0-0 d5 7. Bb5+ Nd7 8. d4 a6 9. Bd3 Ne7 10. a3 bxa3 11. Rxa3 Ng6 12. c3 Be7 13. g3 b5 14. h4 Nb6 15. h5 Nf8 16. Ra2 Nc4 17. Nbd2 Nd7 18. Re1 Ndb6 19. Nf1 Rc8 20. N1h2 Na4 21. Rxa4 bxa4 22. Qxa4+ Qd7 23. Qc2 h6 24. Ng4 a5 25. Nd2 a4 26. f4 a3 27. f5 Nxd2 28. Bxd2 Ra8 29. fxe6 fxe6 30. Bg6+ Kd8 31. Qb3 Qc7 32. Ra1 Bc6 33. Qa2 Bb5 34. Ne3 Bc4 35. Nxc4 Qxc4 36. Qb1 Kc7 37. Bd3 Qc6 38. Bb5 Qb6 39. Qd3 Rhb8 40. c4 dxc4 41. Bxc4 Kd7 42. Be3 a2 43. Bxa2 Qb2 44. Bxe6+ Kxe6 45. Qc4+ Kd7 46. Qd5+ Ke8 47. Rxa8 Rxa8 48. Qxa8+ Kf7 49. Qd5+ Kf8 50. e6 Qa3 51. Qf3+ Bf6 52. d5 Ke7 53. Qf4 Bg5 54. Qf7+ Kd6 55. Qf8+ Be7 56. Qf3 Qa1+ 57. Kf2 Qa2+ 58. Ke1 Qxd5 59. Qxd5+ Kxd5 1/2-1/2

[Event "Riazan Region-ch"]
[Site "Riazan"]
[Date "2009.10.??"]
[Round "?"]
[White "Popov, Vadim V"]
[Black "Zuev, Evgeny"]
[Result "1-0"]
[WhiteElo "2105"]
[BlackElo "2302"]
[PlyCount "89"]
[EventDate "2009.10.??"]
[EventType "tourn"]
[EventRounds "13"]
[EventCountry "RUS"]
[SourceTitle "EXT 2012"]
[Source "ChessBase"]
[SourceDate "2011.11.24"]
[SourceVersion "1"]
[SourceVersionDate "2011.11.24"]
[SourceQuality "1"]

1. e4 c6 2. Nc3 d5 3. Qf3 dxe4 4. Nxe4 Nd7 5. d4 Ngf6 6. Bc4 e6 7. c3 Nxe4 8. Qxe4 Nf6 9. Qc2 b6 10. Nf3 Bb7 11. 0-0 Be7 12. Ne5 0-0 13. Rd1 Nd5 14. Bd3 h6 15. Bh7+ Kh8 16. Be4 Qc7 17. Rd3 c5 18. Bxd5 Bxd5 19. Rh3 Kg8 20. Bxh6 gxh6 21. Rxh6 f5 22. Rg6+ Kh8 23. Qe2 Bf6 24. Qh5+ Qh7 25. Rh6 Qxh6 26. Qxh6+ Kg8 27. c4 Bg7 28. Qf4 Bb7 29. dxc5 bxc5 30. Rd1 Rad8 31. Rxd8 Rxd8 32. f3 Rd4 33. Qe3 Rxc4 34. Nxc4 Bd4 35. Kf2 Kf8 36. Ke2 Bxe3 37. Kxe3 Ke7 38. Kf4 Bd5 39. b3 Kf6 40. Ne5 a5 41. Nd7+ Ke7 42. Nxc5 Kd6 43. Nd3 Kc6 44. h4 Kb5 45. h5 1-0